000 00632nam a2200229Ia 4500
003 OSt
005 20220927113025.0
006 a|||||r|||| 00| 0
007 ta
008 220926b |||||||| |||| 00| 0 eng d
024 _a42885
037 _cTextbook
040 _aRTL
_cRTL
_beng
041 _2eng
_aeng
082 _a"X;191.42.N4, K1,K1;1/TD1"
100 _aRosovsky Henry
_9385105
245 0 _a"Capital formation in Japan, 1868-1940"
260 _c1961
650 _aCapital Formation
942 _h"X;191.42.N4, K1,K1;1/TD1"
_cCC
999 _c701354
_d701354